00486 a2200157 4500010001400000020002400014035001300038037001600051082000800067100002000075245007200095260004500167270005400212300004300266700001900309 aENG-89643 a8120335073c295..00 aEN-73176 bDBAD / PUB14a5101 aKhattar, Dinesh1 aCBSE mathematics for class XI/cby Dinesh Khattar and Anita Khattar aNew DelhibPrentice Hall of Indiac2008 aM-97, Connaught CircusbNew DelhicDelhie110001 aVarious pagings :c24 cm ( Pbk.)bfig.1 aKhattar, Anita